Así en la tierra como en el cielo : aproximación preliminar a la trayectoria del apostolado social de la Compañía de Jesús en Colombia /

Bibliographic Details
Main Author: González, Fernán E. (Author)
Format: Electronic eBook
Language:Spanish
Published: Bogotá : Editorial Pontificia Universidad Javeriana, [2024]
Edition:Primera edición.
Subjects:
Online Access:Digitalia Hispánica

MARC

LEADER 00000nam a2200000Ii 4500
001 DIGEPUJ0515
003 NyNyDIG
006 m o d
007 cr |||||||||||
008 260205s2024 ck ob 000 0 spa d
035 |a (OCoLC)1551396706 
040 |a DGITA  |b eng  |e rda  |e pn  |c DGITA 
020 |a 9789587819489  |q (digital) 
020 |z 9789587819472  |q (impreso) 
024 7 |a https://doi.org/10.11144/Javeriana.9789587819489  |2 doi 
043 |a s-ck--- 
050 1 4 |a HN39.C6 ebook 
100 1 |a González, Fernán E.,  |e author. 
245 1 0 |a Así en la tierra como en el cielo :  |b aproximación preliminar a la trayectoria del apostolado social de la Compañía de Jesús en Colombia /  |c Fernán E. González G., S. J. 
250 |a Primera edición. 
264 1 |a Bogotá :  |b Editorial Pontificia Universidad Javeriana,  |c [2024] 
300 |a 1 online resource. 
336 |a text  |b txt  |2 rdacontent 
337 |a computer  |b c  |2 rdamedia 
338 |a online resource  |b cr  |2 rdacarrier 
347 |a text file  |2 rdaft 
347 |b EPUB 
500 |a "Jesuitas Colombia, 100 años"--Cover. 
504 |a Includes bibliographical references. 
588 0 |a Online resource; title from ePub title page (Digitalia, viewed February 5, 2026) 
610 2 0 |a Jesuits  |z Colombia. 
610 2 0 |a Jesuits  |z Colombia  |x History. 
650 0 |a Pastoral theology. 
650 0 |a Church and social problems  |z Colombia. 
650 0 |a Church and social problems  |x Catholic Church. 
650 0 |a Church and state  |z Colombia. 
791 2 |a Digitalia (Firm),  |e distributor. 
793 0 |g Digitalia eBook Collection:  |a Pontificia Universidad Javeriana 
776 0 8 |i Print version:  |a González, Fernán E.  |t Así en la tierra como en el cielo.  |b Primera edición.  |d Bogotá : Editorial Pontificia Universidad Javeriana, [2024]  |z 9789587819472 
856 4 0 |3 Digitalia Hispánica  |u https://www.digitaliapublishing.com/a/183376/ 
910 |a Premium collection: 2026